Brother dusty-feet / (Record no. 130262)

MARC details
000 -LEADER
fixed length control field 00646nam a22002297a 4500
005 - DATE AND TIME OF LATEST TRANSACTION
control field 20170124110109.0
010 ## - LIBRARY OF CONGRESS CONTROL NUMBER
LC control number 236702
020 ## - INTERNATIONAL STANDARD BOOK NUMBER
Terms of availability 00.00
035 ## - SYSTEM CONTROL NUMBER
System control number 236702
037 ## - SOURCE OF ACQUISITION
Source of stock number/acquisition Cen Lib/Ret
040 ## - CATALOGING SOURCE
Original cataloging agency DPL
Language of cataloging EN
082 ## - DEWEY DECIMAL CLASSIFICATION NUMBER
Classification number N
Item number SUT
100 ## - MAIN ENTRY--PERSONAL NAME
Personal name Sutcliff, Rosemary
9 (RLIN) 28733
245 ## - TITLE STATEMENT
Title Brother dusty-feet /
Statement of responsibility, etc by Roseymary Sutcliff; illustrated by C. walter Hodges
260 ## - PUBLICATION, DISTRIBUTION, ETC. (IMPRINT)
Place of publication, distribution, etc London
Name of publisher, distributor, etc Oxford University Press
Date of publication, distribution, etc 1961
270 ## - ADDRESS
Address Amen House
City London
300 ## - PHYSICAL DESCRIPTION
Extent vii, 231p. ;
Dimensions 19cm(Hb)
Other physical details ill.
650 ## - SUBJECT ADDED ENTRY--TOPICAL TERM
Topical term or geographic name as entry element literature
9 (RLIN) 6262
650 ## - SUBJECT ADDED ENTRY--TOPICAL TERM
Topical term or geographic name as entry element Novels
9 (RLIN) 13976
700 ## - ADDED ENTRY--PERSONAL NAME
Personal name Hodges, C. Walter
9 (RLIN) 28734
942 ## - ADDED ENTRY ELEMENTS (KOHA)
Source of classification or shelving scheme Dewey Decimal Classification
Koha item type English Books
Classification part N
Call number suffix SUT
Holdings
Withdrawn status Lost status Damaged status Not for loan Home library Current library Date acquired Source of acquisition Cost, normal purchase price Total Checkouts Full call number Barcode Date last seen Copy number Cost, replacement price Price effective from Koha item type
        Central Library Central Library 09/07/2015 Cen Lib/Ret 0.00   N SUT 236702 09/07/2015 1 0.00 09/07/2015 English Books

© Delhi Public Library
Hit Counter
free hit counter